The economics of leisure and tourism

Saved in:
Bibliographic Details
Main Author: Tribe, John
Format: Book
Language:English
Published: Oxford, Boston : Butterworth-Heinemann, 1995
Subjects:
Tags: Add Tag
No Tags, Be the first to tag this record!

MARC

LEADER 00000nam a2200000 i 4500
001 1/45405
008 971202s1996 eng d
020 |a 075062342X 
035 |l 10026139 
040 |a GR-MY-UA  |b gre  |e aacr 
041 0 |a eng 
082 0 |a 338.4791 
100 1 |a Tribe, John. 
245 1 4 |a The economics of leisure and tourism /  |c John Tribe 
260 |a Oxford, Boston :   |b Butterworth-Heinemann,   |c 1995 
300 |a 289 p. 
504 |a Includes index 
650 0 0 |a Tourism. 
852 |a INST  |b CHIOS  |e 19971202  |h 338.4791 TRI  |p 005200010283  |q 005200010283  |t BK  |y 4  |x 20200131 
852 |a INST  |b CHIOS  |e 19981020  |h 338.4791 TRI  |p 005200015481  |q 005200015481  |t BK  |y 0 
901 |a BIBL-1997-12 
909 |a Χ  |b 051403 
909 |a X  |b 054903 
922 |a 2ΕΛΗ  |b 199711  |c ΡΟΜΠΟΛΗΣ  |d ΠΑΠΑΣΩΤΗΡΙΟΥ 
922 |a 2ΔΩΡ  |b 199810  |c ΤΔΕ  |d GLORYBOOK-ECONOMIST